00645nam a2200181 a 450000100100000000500170001000800410002702000150006804000250008310000390010824500610014726000400020830000210024849000320026983000390030195201060034099900170044600004394520201002045046.0140509s1996 sp 000 0 spa d a8420607770 aDO-SdBNPbspacBNPHU1 aGarcía Morillo, Joaquín97188413aLa democracia en España /cJoaquín García Morillo. aMadrid :bAlianza Editorial,c1996. a448 p. ;c19 cm.1 aEl libro del bolsillov1777 0aEl libro del bolsillov1777929780 0010507-18MOaGRbGRcOId2014-05-09iLF1l0o p43945-10r2020-06-25w2020-06-25y1ZNo se presta c43434d43434